Normal view
MARC view
- MS Mechanical Engineering
Entry Topical Term
Number of records used in: 228
001 - CONTROL NUMBER
- control field: 119495
003 - CONTROL NUMBER IDENTIFIER
- control field: NUST
005 - DATE AND TIME OF LATEST TRANSACTION
- control field: 20231206154653.0
008 - FIXED-LENGTH DATA ELEMENTS
- fixed length control field: 231206|| aca||aabn | a|a d
040 ## - CATALOGING SOURCE
- Original cataloging agency: NUST
- Transcribing agency: NUST
150 ## - HEADING--TOPICAL TERM
- Topical term or geographic name entry element: MS Mechanical Engineering
670 ## - SOURCE DATA FOUND
- Source citation: Work cat.: (NUST): Ahmed, Shoaib 119494, Design and Techno-Economic Analysis of Net Zero Energy Buildings using Energy Simulations /
